Využitie hier vo vzdelávaní
Použitie tvorivo-tímových hier v pedagogickom procese. Prezentácia skúseností s hrou. Hodnotenie účinnosti hry a prínos k zlepšeniu študijných výsledkov.
Salvato in:
| Autore principale: | |
|---|---|
| Altri autori: | |
| Natura: | Capitolo di libro |
| Lingua: | slovacco |
| Soggetti: | |
| Tags: |
Nessun Tag, puoi essere il primo ad aggiungerne!!
|
MARC
| LEADER | 00000nla$a2200000$$$4500 | ||
|---|---|---|---|
| 001 | 0120382 | ||
| 005 | 20240611074217.7 | ||
| 041 | 0 | |a slo | |
| 044 | |a SK | ||
| 245 | 1 | 0 | |a Využitie hier vo vzdelávaní |c Jozef Gajdoš, Tomáš Bačo |
| 520 | |a Použitie tvorivo-tímových hier v pedagogickom procese. Prezentácia skúseností s hrou. Hodnotenie účinnosti hry a prínos k zlepšeniu študijných výsledkov. | ||
| 610 | 2 | 0 | |a hry |
| 610 | 2 | 0 | |a vzdelávanie |
| 610 | 2 | 0 | |a pedagogika |
| 610 | 2 | 0 | |a vyučovanie |
| 100 | 1 | |a Gajdoš, Jozef, 1962-2025 | |
| 700 | 1 | |a Bačo, Tomáš, 1981- | |